00335nam a2200109Ia 4500008004000000082001700040100001800057245006400075260005100139300001300190650002200203210210b1976 xxu||||| |||| 00| 0 eng d a320.513 KAES aKAELEY (S.L). aSudha modern indian political thought and national movement aNew Delhhi.bSudha Publication (P) Ltd.,c1976 aviii,333 apolitical thought